| 000 | 02066nam0a2200445 4500 | ||
|---|---|---|---|
| 001 | RU\NLR\BIBL_A\010951973 | ||
| 005 | 20250624203422.0 | ||
| 010 |
_a978-5-8288-1572-2 _9100 |
||
| 021 |
_aRU _b2015-98479 _96126 |
||
| 035 | _a(NILC)RuMoRGB-008100699 | ||
| 035 | _a(NLR Aleph) 010951973 | ||
| 090 |
_a10781352 _c10781352 |
||
| 100 | _a20160115d2015 |||y0rusy50 ca | ||
| 101 | 0 | _arus | |
| 102 | _aRU | ||
| 105 | _ay|||z|||000yy | ||
| 200 | 1 |
_aФормирование толерантности у подростков во внешкольной деятельности _eмонография _fЭ. И. Сокольникова, М. А. Янбухтина, Т. А. Янбухтин _gМосковский гос. гуманитарный ун-т им. М. А. Шолохова |
|
| 210 |
_aМосква _cМГГУ _d2015 |
||
| 215 |
_a120 с. _d20 |
||
| 300 | _aНа обл. авт. не указаны | ||
| 320 | _aБиблиогр.: с. 108-119 (133 назв.) | ||
| 606 | 1 |
_aПодростки _xВоспитание толерантности _92364478 _3RU\NLR\AUTH\661411705 |
|
| 606 | 1 |
_aПодростки _xФизическое воспитание _92105065 _3RU\NLR\AUTH\661272709 |
|
| 607 |
_aРоссийская Федерация, государство _2rugeo |
||
| 610 | 0 | _aподростки | |
| 610 | 0 | _aтолерантные отношения | |
| 610 | 0 | _aтолерантность у учащихся - формирование | |
| 610 | 0 | _aфизкультурно-спортивная работа с подростками | |
| 675 | _a316 | ||
| 686 | 1 | _aЧ421.352.15 | |
| 686 | 1 | _aЧ721.443.6 | |
| 700 | 1 |
_aСокольникова _bЭ. И. _gЭлла Ивановна |
|
| 701 | 1 |
_aЯнбухтина _bМ. А. _gМарина Александровна |
|
| 701 | 1 |
_aЯнбухтин _bТ. А. _gТимур Александрович |
|
| 801 | 0 |
_aRU _bРГБ _c20151221 _gRCR |
|
| 942 | _cBOOK | ||
| 980 | _aNBR | ||
| 980 | _aNB | ||